书目信息 |
| 题名: |
1846年的沙龙
|
|
| 作者: | 波德莱尔 , Baudelair 著 ;郭宏安 译 | |
| 分册: | ||
| 出版信息: | 桂林 广西师范大学出版社 2002 |
|
| 页数: | 19,514页 | |
| 开本: | 21cm | |
| 丛书名: | 雅典娜思想译丛 | |
| 单 册: | ||
| 中图分类: | I01-53 | |
| 科图分类: | ||
| 主题词: | 文艺美学--文集 , 文艺美学 | |
| 电子资源: | ||
| ISBN: | 7-5633-3734-2 | |
| 000 | 01200oam2 2200313 450 | |
| 001 | 1234353250 | |
| 005 | 20121017093310.79 | |
| 010 | @a7-5633-3734-2@dCNY28.80 | |
| 100 | @a20030113d2002 emky0chiy0110 ea | |
| 101 | 1 | @achi@cfre |
| 102 | @aCN@b450000 | |
| 105 | @ay z 000yy | |
| 200 | 1 | @a1846年的沙龙@A1846 nian de sha long@e波德莱尔美学论文选@f(法)波德莱尔(Charles Baudelair)著@g郭宏安译 |
| 210 | @a桂林@c广西师范大学出版社@d2002 | |
| 215 | @a19,514页@d21cm | |
| 225 | 2 | @a雅典娜思想译丛 |
| 308 | @a丛书第三辑 | |
| 314 | @a波德莱尔(Charles Baudelair,1821~1867),法国诗人,著有诗集《恶之花》和散文诗集《巴黎的忧郁》。 | |
| 330 | @a本书收录了二十余篇作者在文学、艺术等方面的批评文章,通过这些理论作品,读者可以对波德莱尔的美学思想和观点有一个更为全面、深刻的了解。 | |
| 461 | 0 | @12001 @a雅典娜思想译丛 |
| 517 | 1 | @a波德莱尔美学论文选@Abo de lai er mei xue lun wen xuan |
| 606 | 0 | @a文艺美学@j文集 |
| 606 | 0 | @a文艺美学 |
| 690 | @aI01-53@v4 | |
| 701 | 1 | @c(法)@a波德莱尔@Abo de lai er@c(Baudelaire, Charles@f1821~1867)@4著 |
| 701 | 1 | @aBaudelair@bCharles@4著 |
| 702 | 0 | @a郭宏安@Aguo hong an@f(1943~)@4译 |
| 801 | 0 | @aCN@bNLC@c20101222 |
| 905 | @a10447@dI01-53@eJY137 | |
| 1846年的沙龙:波德莱尔美学论文选/(法)波德莱尔(Charles Baudelair)著/郭宏安译.-桂林:广西师范大学出版社,2002 |
| 19,514页;21cm.-(雅典娜思想译丛) |
| ISBN 7-5633-3734-2:CNY28.80 |
| 本书收录了二十余篇作者在文学、艺术等方面的批评文章,通过这些理论作品,读者可以对波德莱尔的美学思想和观点有一个更为全面、深刻的了解。 |
| ● |
| 相关链接 |
|
|
|
|
正题名:1846年的沙龙
索取号:I01-53/JY137
 
预约/预借
| 序号 | 登录号 | 条形码 | 馆藏地/架位号 | 状态 | 备注 |
| 1 | 7803186 | 278031862 | 学院路分馆/ [索取号:I01-53/JY137] | 在馆 | |
| 2 | 7803187 | 278031871 | 学院路分馆/ [索取号:I01-53/JY137] | 在馆 | |
| 3 | 7803188 | 278031880 | 学院路分馆/ [索取号:I01-53/JY137] | 在馆 |